000
00260nam a2200109Ia 4500
008
220204s9999 xx 000 0 und d
082
_a
621.7
_b
DOB
100
_a
Dobrovolsky, V
245
0
_a
Machine elements
260
_a
Moscow
_b
Foreign Languages
942
_c
BK
999
_c
24165
_d
24165